The noble scholar, jurist, historian


 His Excellency Dr. Abdul Wahhab bin Ibrahim Abu Sulaiman, may Allah have mercy on him.


 He was born in Umm Al-Qura in the year 1356 AH.

الطائف في مئة عام، 1319-1419 هـ. : (Record no. 8826)

MARC details
000 -LEADER
fixed length control field 01558cam a22003011i 4500
003 - CONTROL NUMBER IDENTIFIER
control field SA-RiAUC
005 - DATE AND TIME OF LATEST TRANSACTION
control field 20250611091939.0
008 - FIXED-LENGTH DATA ELEMENTS--GENERAL INFORMATION
fixed length control field 250605s2001 su o f b 000 0 ara c
040 ## - CATALOGING SOURCE
Original cataloging agency SA-DmIAFU
Language of cataloging ara
Transcribing agency SA-RiAUC
Description conventions rda
043 ## - GEOGRAPHIC AREA CODE
Geographic area code a-su---
050 #4 - LIBRARY OF CONGRESS CALL NUMBER
Item number S25 2001
082 04 - DEWEY DECIMAL CLASSIFICATION NUMBER
Classification number 953.124
Assigning agency SA-RiAUC
090 ## - LOCALLY ASSIGNED LC-TYPE CALL NUMBER (OCLC); LOCAL CALL NUMBER (RLIN)
Classification number (OCLC) (R) ; Classification number, CALL (RLIN) (NR) 953.124
Local cutter number (OCLC) ; Book number/undivided call number, CALL (RLIN) س ا ل
100 1# - MAIN ENTRY--PERSONAL NAME
Personal name السالمي، حماد بن حامد بن محسن،
Dates associated with a name 1374 هجري-
Relator term مؤلف.
245 10 - TITLE STATEMENT
Title الطائف في مئة عام، 1319-1419 هـ. :
Remainder of title مباحث في التاريخ السياسي والعسكري والإداري والاجتماعي /
Statement of responsibility, etc. حماد بن حامد السالمي.
246 3# - VARYING FORM OF TITLE
Title proper/short title الطائف في مائة عام، 1319-1419 هـ. :
Remainder of title مباحث في التاريخ السياسي والعسكري والإداري والاجتماعي
246 3# - VARYING FORM OF TITLE
Title proper/short title الطائف في 100 عام، 1319-1419 هـ. :
Remainder of title مباحث في التاريخ السياسي والعسكري والإداري والاجتماعي
250 ## - EDITION STATEMENT
Edition statement الطبعة الأولى.
264 #1 - PRODUCTION, PUBLICATION, DISTRIBUTION, MANUFACTURE, AND COPYRIGHT NOTICE
Place of production, publication, distribution, manufacture الطائف، السعودية :
Name of producer, publisher, distributor, manufacturer التنشيط السياحي، لجنة المطبوعات،
Date of production, publication, distribution, manufacture, or copyright notice 2001
300 ## - PHYSICAL DESCRIPTION
Extent 210 صفحة :
Other physical details صور ؛
Dimensions 24 سم
336 ## - CONTENT TYPE
Content type term نص
Content type code txt
Source rdacontent
Materials specified كتاب
337 ## - MEDIA TYPE
Media type term بدون وسيط
Media type code n
Source rdamedia
338 ## - CARRIER TYPE
Carrier type term مجلد
Carrier type code nc
Source rdacarrier
504 ## - BIBLIOGRAPHY, ETC. NOTE
Bibliography, etc. note يشتمل على إرجاعات ببليوجرافية.
651 #7 - SUBJECT ADDED ENTRY--GEOGRAPHIC NAME
Geographic name الطائف (السعودية)
General subdivision تاريخ
Source of heading or term aucsh
942 ## - ADDED ENTRY ELEMENTS (KOHA)
Source of classification or shelving scheme Dewey Decimal Classification
Koha item type Books
Suppress in OPAC No
949 ## - LOCAL PROCESSING INFORMATION (OCLC)
a SA-JeALM
d 250605
u mohamedma123
n 1
Holdings
Withdrawn status Lost status Source of classification or shelving scheme Damaged status Not for loan Home library Current library Date acquired Total checkouts Full call number Barcode Date last seen Price effective from Koha item type
    Dewey Decimal Classification     DR AbdElwahab Library DR AbdElwahab Library 06/11/2025   953.124 س ا ل 000014510 06/11/2025 06/11/2025 Books